Model oddzialywania wahan dochodów eksportowych na wzrost gospodarczy krajów rozwijajacych sie.

Vznik a cieľ modelu. Jeho predpoklady. Následky výkyvov vývozných príjmov na rôzne sféry. Empirická verifikácia hypotéz negatívneho vplyvu nestability vývozných príjmov na hospodársky rozvoj. Metodika verifikácie. Interpretácia výsledkov. Porovnanie s inými výskumami.

Na minha lista:
Detalhes bibliográficos
Autor principal: Rynarzewski, T.
Formato: Capítulo de Livro
Idioma:polonês
Assuntos:
Tags: Adicionar Tag
Sem tags, seja o primeiro a adicionar uma tag!

MARC

LEADER 00000naa a2200000 4500
001 r007901
005 20221125122722.6
041 0 |a pol 
044 |a PL 
245 1 0 |a Model oddzialywania wahan dochodów eksportowych na wzrost gospodarczy krajów rozwijajacych sie.  |c T. Rynarzewski 
520 |a Vznik a cieľ modelu. Jeho predpoklady. Následky výkyvov vývozných príjmov na rôzne sféry. Empirická verifikácia hypotéz negatívneho vplyvu nestability vývozných príjmov na hospodársky rozvoj. Metodika verifikácie. Interpretácia výsledkov. Porovnanie s inými výskumami. 
610 2 0 |a modely ekonomické 
610 2 0 |a vývoz 
610 2 0 |a rast hospodársky 
610 2 0 |a spotreba 
610 2 0 |a akumulácia 
610 2 0 |a investície 
610 2 0 |a krajiny rozvojové 
100 1 |a Rynarzewski, T.